|
|
|
|
| LEADER |
00000nab a2200000 a 4500 |
| 001 |
vtls008638670 |
| 003 |
SK-MaSNL |
| 005 |
20260303072214.0 |
| 008 |
041203 1972 xo 000 0 slo |
| 020 |
|
|
|a 8022805998
|
| 035 |
|
|
|a (KIS3G)CLAS02vtls000012444
|
| 040 |
|
|
|a SNKORKD
|b slo
|c SNKORKD
|e AACR2
|
| 041 |
0 |
|
|a slo
|
| 044 |
|
|
|a xo
|c SK
|
| 100 |
1 |
|
|a Blažej, Anton,
|d 1927-2013
|4 aut
|9 112122
|
| 245 |
1 |
0 |
|a Rastlinné fenolové zlúčeniny
|
| 260 |
|
|
|a Bratislava
|b Alfa
|c 1973
|
| 700 |
1 |
|
|a Šutý, Ladislav,
|d 1931-
|4 aut
|9 40006
|
| 856 |
4 |
|
|u http://www.viks.sk/chk/fenolove_zluceniny.doc
|
| 910 |
|
|
|a schk
|
| 910 |
|
|
|a memoriask
|
| 999 |
|
|
|c 1762713
|d 1764643
|